Top 10 European Countries Highest Birth Rate - Statistics

General Stats
  • This quiz has been taken 153 times
  • The average score is 9 of 10
Answer Stats
Rate Country % Correct
1.89 United Kingdom
98%
1.88 Sweden
93%
2.07 France
90%
1.98 Ireland
90%
1.78 Finland
89%
1.86 Norway
89%
1.78 Belgium
87%
1.78 Netherlands
86%
1.73 Denmark
83%
2.01 Iceland
82%
No matching quizzes found
Score Distribution
Percent of People with Each Score
Percentile by Number Answered
Your Score History
You have not taken this quiz